Classement du Ballon d'or 1984 - Statistiques

Statistiques générales
  • Ce quiz a été pris 40 fois
  • Le résultat moyen est 8 sur 26
Statistiques - réponses
Classement Joueur Club du joueur Nationalité % Correct
1 Michel Platini Juventus FC France
97%
9 Alain Giresse Girondins de Bordeaux France
79%
2 Jean Tigana Girondins de Bordeaux France
76%
4 Ian Rush Liverpool FC Pays de Galles
64%
8 Karl-Heinz Rummenigge Bayern Munich / Inter Milan Allemagne
48%
5 Fernando Chalana SL Benfica / Girondins de Bordeaux Portugal
42%
12 Maxime Bossis FC Nantes France
39%
3 Preben Elkjaer Larsen KSC Lokeren / Hellas Vérone Danemark
39%
11 Bernd Schuster FC Barcelone Allemagne
33%
7 Harald Schumacher FC Cologne Allemagne
33%
10 Bryan Robson Manchester United Angleterre
30%
13 Enzo Scifo RSC Anderlecht Belgique
30%
16 Antonio Cabrini Juventus FC Italie
27%
6 Graeme Souness Liverpool FC / UC Sampdoria Ecosse
27%
18 Jesper Olsen Ajax Amsterdam / Manchester United Danemark
27%
14 Klaus Allofs FC Cologne Allemagne
27%
19 Morten Olsen RSC Anderlecht Danemark
27%
15 Hans-Peter Briegel FC Kaiserslautern / Hellas Vérone Allemagne
24%
22 Rinat Dasaev FK Spartak Moscou Union Soviétique
24%
21 Gordon Strachan Aberdeen FC / Manchester United Ecosse
21%
23 Mark Hateley Portsmouth FC / AC Milan Angleterre
18%
25 Antonio Maceda Sporting Gijon Espagne
0%
20 Paul McStay Celtic Glasgow Ecosse
0%
17 Rui Jordão Sporting Portugal Portugal
0%
24 Silviu Lung Universitatea Craiova Roumanie
0%
26 Torbjörn Nilsson FC Kaiserslautern / IFK Göteborg Suède
0%
Aucun quiz correspondant
Distribution des résultats
% des personnes avec chaque résultat
Percentile par nombre de réponses
Votre historique - résultats
Vous n’avez pas pris ce quiz